000 00662nam a22002297a 4500
003 UA-OsUOA
001 86023
007 ta
008 20120727b un ||||| |||| 00| 0 ukr d
090 _a821.161.2(091)
_bБ39
942 _cBK
040 _aUA-OsUOA
_bukr
_cUA-OsUOA
_dUA-OsUOA
245 _aБез мови - немає нації
_cупоряд.: Голота Л., Букет Є.
300 _a112 с.
955 _a4
041 _aukr
080 _a821.161.2(091)
020 _a978-966-2669-02-2
260 _aК.
_bУкр. пріоритет
_c2011
650 7 _a82 Література. Літературознавство
_2UDC
999 _c372325
_d372325